header

High pressure processing of foods (Record no. 77760)

MARC details
000 -LEADER
fixed length control field 01416nam a2200361 a 4500
082 04 - DEWEY DECIMAL CLASSIFICATION NUMBER
Classification number 664/.02
245 00 - TITLE STATEMENT
Title High pressure processing of foods
250 ## - EDITION STATEMENT
Edition statement 1st ed.
260 ## - PUBLICATION, DISTRIBUTION, ETC. (IMPRINT)
Place of publication Ames, Iowa :
Name of publisher Blackwell Pub. ;
Place of publication [Chicago] :
Name of publisher IFT Press,
Year of publication c2007.
300 ## - PHYSICAL DESCRIPTION
Number of Pages xxv, 246 p. :
Other physical details ill.
490 1# - SERIES STATEMENT
Series statement IFT Press series
650 #0 - SUBJECT ADDED ENTRY--TOPICAL TERM
Topical Term Food industry and trade.
Topical Term High pressure (Technology)
700 1# - ADDED ENTRY--PERSONAL NAME
Personal name Doona, Christopher J.
Personal name Feeherry, Florence E.
856 40 - ELECTRONIC LOCATION AND ACCESS
Uniform Resource Identifier http://site.ebrary.com/lib/rucke/Doc?id=10296583

No items available.

© 2026 Rongo University
Contact us: librarian | system librarian | Rongo university